Super Smash Bros. Melee top 8 finishers at EVO - Statistics

General Stats
  • This quiz has been taken 75 times
  • The average score is 18 of 28
Answer Stats
Tournament Placement Characters Player % Correct
EVO 2013 4 Peach Armada
100%
EVO 2013 3 Jigglypuff Hungrybox
100%
EVO 2007 3 Jigglypuff Mango
100%
EVO 2007 1 Marth Ken
96%
EVO 2013 5 Sheik, Marth Mew2King
96%
EVO 2013 5 Falco PPMD
96%
EVO 2015 5 Fox Leffen
94%
EVO 2015 4 Sheik, Samus Plup
94%
EVO 2013 2 Ice Climbers Wobbles
94%
EVO 2014 5 Pikachu, Young Link Axe
88%
EVO 2016 5 Captain Falcon S2J
85%
EVO 2007 2 Samus HugS
77%
EVO 2018 5 Captain Falcon Wizzrobe
77%
EVO 2013 7 Dr. Mario Shroomed
75%
EVO 2007 5 Ice Climbers ChuDat
73%
EVO 2007 4 Falco, Fox, Peach PC Chris
58%
EVO 2017 7 Fox SFAT
58%
EVO 2016 7 Marth PewPewU
52%
EVO 2014 7 Ice Climbers Fly Amanita
50%
EVO 2016 7 Falco, Fox Westballz
46%
EVO 2007 7 Fox, Sheik Chillin
40%
EVO 2018 7 Sheik Swedish Delight
38%
EVO 2017 5 Fox Lucky
35%
EVO 2013 7 Sheik Ice
33%
EVO 2017 7 Marth La Luna
25%
EVO 2014 7 Fox Silent Wolf
25%
EVO 2007 5 Fox, Ganondorf Eddie
21%
EVO 2007 7 Fox, Sheik DieSuperFly
15%
No matching quizzes found
Score Distribution
Percent of People with Each Score
Percentile by Number Answered
Your Score History
You have not taken this quiz